| 000 | 00467nam a22001817a 4500 | ||
|---|---|---|---|
| 003 | MPLRDC | ||
| 005 | 20220104175012.0 | ||
| 008 | 210129b ||||| |||| 00| 0 eng d | ||
| 020 | _a967-67-0529-2 | ||
| 082 | _a524.945 AKM v.1 1987 | ||
| 100 | _aKHAIRUL AKMAL | ||
| 245 |
_aBUKU BANTUAN PEPERIKSAAN SPM GEOGRAFI KERTAS 1 _c |
||
| 250 | _a第二版 | ||
| 260 |
_a _bPUSTAKA DELTA PELAJA _c1987 |
||
| 300 | _b平 | ||
| 650 | _a | ||
| 942 |
_cBK _o524.945 AKM v.1 1987 |
||
| 999 |
_c60144 _d60134 |
||